Statistics for James Bond Actors

Click here to take the quiz!

General Stats

  • This quiz has been taken 71 times
  • The average score is 6 of 7

Answer Stats

Years ActiveAnswer% Correct
2005-Daniel Craig
97%
1962-1967, 1971 and 1983Sean Connery
96%
1994-2004Pierce Brosnan
94%
1972-1985Roger Moore
93%
1986-1994Timothy Dalton
80%
1969George Lazenby
71%
1967David Niven
33%

Score Distribution

Percentile by Number Answered

Percent of People with Each Score

Your Score History

You have not taken this quiz